000 00791nam a2200253Ia 4500
003 OSt
005 20220923220148.0
006 a|||||r|||| 00| 0
007 ta
008 220922b |||||||| |||| 00| 0 hin d
024 _a184,693
037 _cTextual
040 _aARTS
_cARTS
_bhin
041 _2hin
_ahin
082 _aO152,1NRAb,1, J5
100 _aशुक्ल, रमा शंकर
245 0 _aकाव्य पुरूष
246 _aKāvya purūṣha
260 _aप्रयाग
_b अग्रवाल प्रेस
_c1955
300 _a234 पृ.
_ccm.
650 _aहिन्दी साहित्य
_9156264
942 _hO152,1NRAb,1, J5
_cTEXL
_2CC
999 _c337977
_d337977